Τουρκία
Αποθηκεύτηκε σε:
| Μορφή: | Βιβλίο |
|---|---|
| Γλώσσα: | Greek |
| Δημοσίευση: |
Αθήνα :
Γιαλλελής,
1992
|
| Σειρά: | Οι μπλέ οδηγοί
Guides bleus |
| Θέματα: | |
| Ετικέτες: |
Προσθήκη ετικέτας
Δεν υπάρχουν, Καταχωρήστε ετικέτα πρώτοι!
|
MARC
| LEADER | 00000nam a2200000 i 4500 | ||
|---|---|---|---|
| 001 | 1/38229 | ||
| 008 | 970603s1992 gre d | ||
| 035 | |a 1993 |l 10040717 | ||
| 040 | |a GR-MY-UA |b gre |e aacr | ||
| 041 | 0 | |a gre | |
| 082 | 0 | |a 915.61 | |
| 245 | 1 | 0 | |a Τουρκία / |c επιμέλεια έκδοσης Αγγελική Κιντή |
| 260 | |a Αθήνα : |b Γιαλλελής, |c 1992 | ||
| 300 | |a 959 σ.; |c 17 cm. | ||
| 490 | 1 | |a Οι μπλέ οδηγοί | |
| 490 | 1 | |a Les guides bleus | |
| 651 | 0 | |a Turkey |x Guidebooks. | |
| 651 | 0 | |a Turkey |x Description and travel. | |
| 830 | 0 | |a Οι μπλέ οδηγοί | |
| 830 | 0 | |a Guides bleus | |
| 852 | |a INST |b SAMOS |e 19970603 |h 915.61 ΤΟΥ |p 005300009070 |q 005300009070 |t REF |y 23 | ||
| 909 | |a Σ |b 030381 | ||